Religion Quiz

Random Religion or Book Quiz

Biblical Phonetics Blitz Quiz Stats

 Plays Quiz not verified by Sporcle

Score 0/56 Timer 05:00
0 Plays Today
bájbəl bʊ́ks bible books % Correct
lúkLuke
72.8%
ɛ́zrəEzra
70.9%
rúθRuth
70.7%
ˈlɛvitikusLeviticus
70.4%
márkMark
69.4%
pítərPeter
69.4%
kɪ́ŋzKings
68.8%
nə́mbərzNumbers
68.6%
rómənzRomans
68.6%
rɛ̀vəléʃənRevelation
68.6%
sálmzPsalms
67.3%
právərbzProverbs
67.3%
ɛ́zɪkìlEzekiel
67.3%
ɛ́stərEsther
66.7%
ǽktsActs
65.8%
sǽmjulSamuel
64.6%
dǽnjəlDaniel
63.5%
tɪ́məθiTimothy
63.3%
sɔ́ŋ ə́v sáləmənSong of Solomon
62.1%
hozíəHosea
61.2%
ˌlæmɛnˈteɪʃənzLamentations
60.6%
djuːtəˈɹɒnəmiDeuteronomy
60.2%
éməsAmos
59.8%
ˈmæləkaɪMalachi
59.8%
dʒɛ́nəsəsGenesis
58.5%
kránəkəlzChronicles
58.5%
òbədájəObadiah
57.7%
dʒóəlJoel
57.4%
bájbəl bʊ́ks bible books % Correct
ˈhiːbɹuzːHebrews
57.4%
kəˈrɪnθɪənzCorinthians
56.2%
ɡəˈleɪʃənzGalatians
55.6%
ˌfaɪˈliːmɒnPhilemon
55.1%
dʒúdJude
55.1%
ɛ́ksədəsExodus
54.1%
mǽθjuMatthew
53.7%
ˌzekəˈraɪəZechariah
53%
dʒánJohn
52.8%
dʒɛ̀rəmájəJeremiah
52.4%
dʒémzJames
51.6%
həˈbæk.əkHabakkuk
50.7%
fáj lɪ́p í ɛ́nPhilippians
50.7%
nǽhəmNahum
50.3%
hǽgéájHaggai
49.9%
θɛsəˈloʊni.ənzThessalonians
49.5%
dʒəʊbJob
48.9%
zɛfəˈnaɪəZephaniah
48.9%
ɪkˌliːzɪˈæstiːzEcclesiastes
48.8%
nìəmájəNehemiah
48.2%
dʒónəJonah
47%
dʒə́dʒəzJudges
46.5%
tájtəsTitus
46.1%
dʒáʃuəJoshua
39.8%
kəˈlɒʃ(ə)nzColossians
39.2%
ɪˈfiːʒənzEphesians
38.8%
májkəMicah
38.6%
àjzéəIsaiah
34%

You're not logged in!

Compare scores with friends on all Sporcle quizzes.
OR
Log In

Sporcle TV

Today on Sporcle TV


Watch our educational content, quiz creation guides, and fun videos on Sporcle TV.

Show Comments

Extras

Top Quizzes Today


Score Distribution

Your Account Isn't Verified!

In order to create a playlist on Sporcle, you need to verify the email address you used during registration. Go to your Sporcle Settings to finish the process.

Report this User

Report this user for behavior that violates our Community Guidelines.

Details: